[Event "Mondiale Lampo FIDE 2017"]
[Site "Riyadh"]
[Date "29.12.2017"]
[Round "4.43"]
[White "Artemiev, Vladislav"]
[Black "Ibrahimov, Rasul"]
[Result "1-0"]
[WhiteTitle "GM"]
[BlackTitle "GM"]
[WhiteElo "2691"]
[BlackElo "2518"]
[WhiteFideId "24101605"]
[BlackFideId "13400495"]
[EventDate "2017.12.29"]

1. d4 Nf6 2. g3 d5 3. Bg2 c6 4. Nf3 Bf5 5. c4 e6 6. Nc3 h6 7. O-O Nbd7 8. Nd2
Be7 9. e4 dxe4 10. Ndxe4 Nxe4 11. Nxe4 O-O 12. Qb3 Qb6 13. Be3 Nf6 14. Nc3 Qxb3
15. axb3 a6 16. d5 cxd5 17. cxd5 e5 18. Na4 Nd7 19. d6 Bxd6 20. Rfd1 Be7 21.
Bxb7 Rab8 22. Bxa6 Nf6 23. Nc5 Ng4 24. Nd7 Nxe3 25. Nxb8 Nxd1 26. Nc6 Bf6 27.
Rxd1 Bc2 28. Rc1 Bxb3 29. Bc4 Ba4 30. Bd5 Re8 31. Be4 g6 32. b4 Bxc6 33. Rxc6
Bg7 34. b5 Rb8 35. b6 f5 36. b7 1-0

[Event "Mondiale Lampo FIDE 2017"]
[Site "Riyadh"]
[Date "29.12.2017"]
[Round "4.46"]
[White "Ponomariov, Ruslan"]
[Black "Sanal, Vahap"]
[Result "1-0"]
[WhiteTitle "GM"]
[BlackTitle "GM"]
[WhiteElo "2694"]
[BlackElo "2551"]
[WhiteFideId "14103320"]
[BlackFideId "6300545"]
[EventDate "2017.12.29"]

1. e4 e5 2. Nf3 Nc6 3. Bc4 Nf6 4. d3 Bc5 5. c3 O-O 6. Nbd2 a6 7. Bb3 Ba7 8. Nc4
d6 9. Bg5 h6 10. Bh4 Bg4 11. h3 Be6 12. Ne3 g5 13. Nxg5 hxg5 14. Bxg5 Kg7 15.
Qf3 Rh8 16. h4 Nb8 17. Nf5+ Bxf5 18. Qxf5 Nbd7 19. Rh3 Qe7 20. Rg3 Kf8 21. O-O-O
a5 22. a3 a4 23. Ba2 b5 24. Rh1 c5 25. Rf3 b4 26. Bd5 Rc8 27. Bxf6 Nxf6 28.
Qxc8+ Kg7 29. Rg3+ 1-0

[Event "Mondiale Lampo FIDE 2017"]
[Site "Riyadh"]
[Date "29.12.2017"]
[Round "4.47"]
[White "McShane, Luke J"]
[Black "Tissir, Mohamed"]
[Result "1-0"]
[WhiteTitle "GM"]
[BlackTitle "IM"]
[WhiteElo "2640"]
[BlackElo "2381"]
[WhiteFideId "404853"]
[BlackFideId "9000240"]
[EventDate "2017.12.29"]

1. e4 c5 2. d3 g6 3. f4 Bg7 4. Nf3 d6 5. Be2 Nc6 6. O-O Rb8 7. Qe1 b5 8. Kh1 a5
9. Nc3 b4 10. Nd5 e6 11. Ne3 a4 12. a3 b3 13. c3 Nge7 14. Qh4 d5 15. Ng4 Ng8 16.
Qxd8+ Nxd8 17. Be3 Nb7 18. e5 h5 19. Nf2 Ne7 20. Nh3 Nf5 21. Bf2 Bd7 22. Nhg5
Rc8 23. g3 Ke7 24. Kg2 Bb5 25. h3 d4 26. c4 Bc6 27. Ne4 Rhd8 28. Nfg5 Rh8 29. g4
hxg4 30. hxg4 Ne3+ 31. Bxe3 dxe3 32. Kf3 Rh2 33. Kxe3 Rch8 34. Nf3 R2h3 35. Ng5
R3h6 36. Ne4 Bxe4 37. dxe4 Na5 38. Rad1 Rh3 39. Rd6 g5 40. Rfd1 gxf4+ 41. Kxf4
Bh6+ 42. g5 Rxf3+ 43. Bxf3 1-0

[Event "Mondiale Lampo FIDE 2017"]
[Site "Riyadh"]
[Date "29.12.2017"]
[Round "4.48"]
[White "Abdyjapar, Asyl"]
[Black "Guseinov, Gadir"]
[Result "0-1"]
[WhiteTitle "IM"]
[BlackTitle "GM"]
[WhiteElo "2382"]
[BlackElo "2646"]
[WhiteFideId "13800337"]
[BlackFideId "13401378"]
[EventDate "2017.12.29"]

1. d4 Nf6 2. c4 g6 3. Nc3 Bg7 4. e4 d6 5. Be2 O-O 6. Be3 a6 7. a4 Nc6 8. Nf3 Bg4
9. O-O Nd7 10. d5 Bxf3 11. Bxf3 Na5 12. Be2 c5 13. Qc2 Qb6 14. Rab1 Qb3 15. Qxb3
Nxb3 16. Na2 Nd4 17. Bd1 b5 18. b3 bxc4 19. bxc4 Rfb8 20. Rc1 Ne5 21. Rc3 Rb2
22. Nc1 Rb4 23. Bxd4 cxd4 24. Rb3 a5 25. Na2 Rxc4 26. Rb7 Bf6 27. h3 g5 28. Bb3
Rcc8 29. Rb1 Nd3 30. Bd1 Nc5 31. R7b5 Nxe4 32. Bg4 Rc2 33. Nc1 Nc3 0-1

[Event "Mondiale Lampo FIDE 2017"]
[Site "Riyadh"]
[Date "29.12.2017"]
[Round "4.49"]
[White "Shytaj, Luca"]
[Black "Bu, Xiangzhi"]
[Result "0-1"]
[WhiteTitle "IM"]
[BlackTitle "GM"]
[WhiteElo "2459"]
[BlackElo "2730"]
[WhiteFideId "812633"]
[BlackFideId "8601445"]
[EventDate "2017.12.29"]

1. b3 Nf6 2. Bb2 d5 3. f4 e6 4. Nf3 c5 5. e3 Nc6 6. Bb5 Bd7 7. Bxc6 Bxc6 8. O-O
Be7 9. Ne5 Qc7 10. d3 Nd7 11. Nxc6 Qxc6 12. Bxg7 Rg8 13. Bb2 d4 14. Qf3 Qxf3 15.
Rxf3 dxe3 16. Rxe3 O-O-O 17. Nd2 Nb6 18. Rf3 Nd5 19. Ne4 Nb4 20. Rf2 f5 21. Nf6
Rg6 22. Nh5 c4 23. d4 Nc6 24. c3 b5 25. Re2 b4 26. Rd1 bxc3 27. Bxc3 cxb3 28.
axb3 Rd5 29. Red2 Kd7 30. Kf2 Rg8 31. Re2 Rb8 32. Rb1 Nxd4 33. Bxd4 Rxd4 34. Kf3
Bc5 35. Re3 Rd2 36. Rc3 Rf2+ 37. Kg3 Bb6 38. Nf6+ Ke7 39. Nxh7 e5 40. Re1 e4 41.
Ng5 Rb2 42. Rd1 Bf2+ 0-1

[Event "Mondiale Lampo FIDE 2017"]
[Site "Riyadh"]
[Date "29.12.2017"]
[Round "4.50"]
[White "Laznicka, Viktor"]
[Black "Minko, Vladimir"]
[Result "1-0"]
[WhiteTitle "GM"]
[BlackTitle "IM"]
[WhiteElo "2647"]
[BlackElo "2381"]
[WhiteFideId "316385"]
[BlackFideId "24146706"]
[EventDate "2017.12.29"]

1. d4 Nf6 2. Bg5 e6 3. e4 h6 4. Bxf6 Qxf6 5. c3 d5 6. Nd2 c5 7. Ngf3 Nc6 8. exd5
exd5 9. dxc5 Bxc5 10. Nb3 Bd6 11. Be2 O-O 12. O-O Be6 13. Re1 Rad8 14. Nbd4 Rfe8
15. Qa4 Bd7 16. Nxc6 bxc6 17. Qxa7 c5 18. Bf1 Bg4 19. Rxe8+ Rxe8 20. Qa4 Re4 21.
Qa8+ Bf8 22. Nd2 Re6 23. a4 Qf4 24. Qxd5 Rd6 25. Qe4 Qxd2 26. Qxg4 Qxb2 27. Re1
Rf6 28. Qg3 Qd2 29. Qe3 Qa2 30. Bb5 c4 31. Qe2 Qa3 32. Qxc4 Bc5 33. Rf1 Rf5 34.
g3 Qb2 35. Qe2 Qxc3 36. Qe8+ Kh7 37. Qe2 g6 38. Kg2 Qd4 39. f4 Rd5 40. Qe8 Qf6
41. Re1 Rd2+ 42. Re2 Rd1 43. Qc8 Rg1+ 44. Kh3 Bb6 45. Bc4 h5 46. Qd7 g5 47. fxg5
Qf1+ 48. Kh4 Rh1 49. Qxf7+ Qxf7 50. Bxf7 Bg1 51. Bxh5 1-0

[Event "Mondiale Lampo FIDE 2017"]
[Site "Riyadh"]
[Date "29.12.2017"]
[Round "4.51"]
[White "Saric, Ivan"]
[Black "Al-Saffar, Araz Basim Mohammed S"]
[Result "1-0"]
[WhiteTitle "GM"]
[BlackTitle "IM"]
[WhiteElo "2669"]
[BlackElo "2368"]
[WhiteFideId "14508150"]
[BlackFideId "4801040"]
[EventDate "2017.12.29"]

1. e4 d6 2. d4 Nf6 3. Nc3 g6 4. Be3 c6 5. h3 b5 6. Bd3 Nbd7 7. Nf3 b4 8. Ne2 Bg7
9. O-O O-O 10. Qd2 a5 11. a3 Rb8 12. axb4 axb4 13. Bh6 e5 14. Ng3 c5 15. dxe5
Nxe5 16. Nxe5 dxe5 17. Be3 Qc7 18. Bc4 Bb7 19. f3 Rfd8 20. Qf2 Bf8 21. f4 Nxe4
22. Nxe4 Bxe4 23. fxe5 Bd5 24. Bxd5 Rxd5 25. Bf4 Qd7 26. e6 Qxe6 27. Bxb8 c4 28.
Ra8 Kg7 29. Ba7 f5 30. Bd4+ Kf7 31. c3 b3 32. Re1 Qd7 33. Qh4 h5 34. Qf6+ 1-0

[Event "Mondiale Lampo FIDE 2017"]
[Site "Riyadh"]
[Date "29.12.2017"]
[Round "4.52"]
[White "Volokitin, Andrei"]
[Black "Samhouri, A."]
[Result "1-0"]
[WhiteTitle "GM"]
[BlackTitle "FM"]
[WhiteElo "2628"]
[BlackElo "2355"]
[WhiteFideId "14107090"]
[BlackFideId "8100640"]
[EventDate "2017.12.29"]

1. e4 e5 2. Nf3 Nc6 3. Bc4 Bc5 4. O-O Nf6 5. d3 O-O 6. h3 h6 7. c3 d6 8. Re1 Qe7
9. Nbd2 a6 10. Nf1 Be6 11. Bxe6 fxe6 12. b4 Ba7 13. Be3 Nh5 14. Bxa7 Rxa7 15. g3
Raa8 16. N1d2 Rf7 17. Rf1 Raf8 18. a4 Qf6 19. b5 Ne7 20. bxa6 bxa6 21. Rb1 Qg6
22. Nh4 Qg5 23. Ndf3 Qf6 24. Nh2 Nf4 25. Ng4 Nxh3+ 26. Kh2 Qg5 27. Kxh3 Ng6 28.
Nxg6 Qxg6 29. Kg2 Qg5 30. Nh2 1-0

[Event "Mondiale Lampo FIDE 2017"]
[Site "Riyadh"]
[Date "29.12.2017"]
[Round "4.53"]
[White "Khader, Sami"]
[Black "Kryvoruchko, Yuriy"]
[Result "0-1"]
[WhiteTitle "IM"]
[BlackTitle "GM"]
[WhiteElo "2392"]
[BlackElo "2689"]
[WhiteFideId "8100500"]
[BlackFideId "14109182"]
[EventDate "2017.12.29"]

1. e4 e5 2. Nc3 Nf6 3. f4 d5 4. fxe5 Nxe4 5. Nf3 Nc6 6. Bb5 Be7 7. Qe2 Nxc3 8.
dxc3 O-O 9. Bf4 a6 10. Bd3 Be6 11. h4 h5 12. O-O-O b5 13. Nh2 g6 14. g4 b4 15.
gxh5 bxc3 16. hxg6 fxg6 17. Qg2 g5 18. Bxg5 Bxg5+ 19. hxg5 Nxe5 20. Rhe1 Qd6 21.
Kb1 Rab8 22. Rxe5 Rxb2+ 23. Ka1 Qa3 24. Bh7+ Kg7 0-1

[Event "Mondiale Lampo FIDE 2017"]
[Site "Riyadh"]
[Date "29.12.2017"]
[Round "4.54"]
[White "Alekseev, Evgeny"]
[Black "Al Zamel, Khaled"]
[Result "1-0"]
[WhiteTitle "GM"]
[WhiteElo "2616"]
[BlackElo "1942"]
[WhiteFideId "4138147"]
[BlackFideId "21500967"]
[EventDate "2017.12.29"]

1. e4 d6 2. d4 c6 3. f4 Qc7 4. e5 dxe5 5. fxe5 Bf5 6. Bd3 Bxd3 7. Qxd3 e6 8. Nf3
Ne7 9. O-O Nd7 10. Nbd2 Nf5 11. Ne4 O-O-O 12. Qe2 Qb6 13. c3 Be7 14. b4 h6 15.
g4 Nh4 16. Nxh4 Bxh4 17. Nd6+ Kb8 18. Nxf7 Rhe8 19. Nxd8 Rxd8 20. Be3 Nf8 21. d5
Qc7 22. d6 Qc8 23. Rf7 Ng6 24. Rc7 1-0

[Event "Mondiale Lampo FIDE 2017"]
[Site "Riyadh"]
[Date "29.12.2017"]
[Round "4.55"]
[White "Lodhi, Mahmood"]
[Black "Howell, David W L"]
[Result "0-1"]
[WhiteTitle "IM"]
[BlackTitle "GM"]
[WhiteElo "2347"]
[BlackElo "2676"]
[WhiteFideId "7800010"]
[BlackFideId "410608"]
[EventDate "2017.12.29"]

1. d4 Nf6 2. Nf3 g6 3. g3 Bg7 4. Bg2 O-O 5. O-O d5 6. b3 c5 7. e3 cxd4 8. exd4
Nc6 9. Bb2 Bf5 10. Nh4 Bg4 11. Bf3 Bh3 12. Bg2 Bxg2 13. Nxg2 Rc8 14. Na3 e6 15.
Ne3 Ne4 16. f3 Nd6 17. c3 b5 18. Nac2 a5 19. a3 Qb6 20. Kg2 Rc7 21. Qd3 Rfc8 22.
h4 Ne7 23. h5 Nef5 24. hxg6 hxg6 25. Rh1 Rc6 26. g4 Nxe3+ 27. Nxe3 b4 28. cxb4
axb4 29. a4 Nb7 30. f4 Na5 31. f5 exf5 32. gxf5 gxf5 33. Rag1 Rg6+ 34. Kf2 Qe6
35. Qxf5 Qxf5+ 36. Nxf5 Rc2+ 37. Kf3 Rxb2 38. Ne7+ Kf8 39. Nxg6+ fxg6 40. Rxg6
Nxb3 41. Rhg1 Nxd4+ 42. Ke3 0-1

[Event "Mondiale Lampo FIDE 2017"]
[Site "Riyadh"]
[Date "29.12.2017"]
[Round "4.56"]
[White "Al-Hajiri, Bader"]
[Black "Mchedlishvili, Mikheil"]
[Result "0-1"]
[WhiteTitle "FM"]
[BlackTitle "GM"]
[WhiteElo "2165"]
[BlackElo "2603"]
[WhiteFideId "10300163"]
[BlackFideId "13600966"]
[EventDate "2017.12.29"]

1. e4 d6 2. d4 Nf6 3. Nc3 g6 4. Nf3 Bg7 5. Bd3 O-O 6. O-O Nc6 7. h3 e6 8. Be3 h6
9. Qd2 Kh7 10. Rae1 b6 11. Nh2 e5 12. d5 Ne7 13. f4 exf4 14. Bxf4 Nd7 15. Ng4 h5
16. Nh2 Ne5 17. Nf3 f6 18. Nd4 Ng8 19. Bxe5 fxe5 20. Nc6 Qd7 21. Rxf8 Bxf8 22.
Rf1 Bh6 23. Qf2 Qg7 24. Qf7 a6 25. Qe8 Bb7 26. Qe6 Rf8 27. Rxf8 Qxf8 28. Qd7+
Qg7 29. Qxg7+ Kxg7 30. Nb8 b5 31. a4 b4 32. Ne2 a5 33. c3 bxc3 34. Nxc3 Nf6 35.
Nb5 Be3+ 36. Kf1 Bb6 37. Ke2 Kf8 38. Na3 Bc5 39. Nc4 Bb4 40. Kd1 Ke7 41. Kc2 Nd7
42. Nxd7 Kxd7 43. Ne3 Ke7 44. Kb3 Kf6 45. h4 Be1 46. Kc4 Ba6+ 0-1

[Event "Mondiale Lampo FIDE 2017"]
[Site "Riyadh"]
[Date "29.12.2017"]
[Round "4.57"]
[White "Khairat, Ahmed"]
[Black "Zhao, Jun"]
[Result "0-1"]
[WhiteTitle "CM"]
[BlackTitle "GM"]
[WhiteElo "2211"]
[BlackElo "2604"]
[WhiteFideId "10624171"]
[BlackFideId "8602522"]
[EventDate "2017.12.29"]

1. e4 c5 2. Nf3 d6 3. d4 cxd4 4. Nxd4 Nf6 5. Nc3 a6 6. Bg5 Nbd7 7. f4 Qc7 8. Qf3
h6 9. Bh4 g5 10. fxg5 hxg5 11. Bxg5 Qc5 12. Be3 Ne5 13. Qe2 Neg4 14. Bg1 Bh6 15.
Nb3 Qg5 16. h3 Qh4+ 17. Bf2 Nxf2 18. Qxf2 Qxf2+ 19. Kxf2 Bf4 20. Bc4 Be5 21.
Rae1 b5 22. Bd3 b4 23. Nd1 a5 24. Kf3 Bb7 25. Nd2 e6 26. Nc4 Nd7 27. Nde3 Ke7
28. Ng4 Bd4 29. Ke2 Rhc8 30. b3 Rg8 31. Rhf1 Rg7 32. Kd1 a4 33. Rf3 axb3 34.
axb3 Bc3 35. Ref1 d5 36. exd5 Bxd5 37. Re3 Bxg2 38. Rf2 Ra1+ 39. Ke2 Re1# 0-1

[Event "Mondiale Lampo FIDE 2017"]
[Site "Riyadh"]
[Date "29.12.2017"]
[Round "4.58"]
[White "Salama, Taher"]
[Black "Rakhmanov, Aleksandr"]
[Result "0-1"]
[BlackTitle "GM"]
[WhiteElo "1769"]
[BlackElo "2653"]
[WhiteFideId "11502231"]
[BlackFideId "4173708"]
[EventDate "2017.12.29"]

1. d4 Nf6 2. c4 d6 3. Nc3 e5 4. e3 Be7 5. Nf3 Nbd7 6. Be2 O-O 7. O-O c6 8. b3 e4
9. Nd2 d5 10. Bb2 Re8 11. a4 a6 12. a5 Nf8 13. c5 Ng6 14. Na4 Bf5 15. Nb6 Rb8
16. h3 Nh4 17. Re1 Bg6 18. Nf1 Rf8 19. Ng3 Ne8 20. Bh5 f5 21. Bxg6 hxg6 22. Ne2
g5 23. Kh1 Rf6 24. Ng3 g6 25. Qe2 Qc7 26. Rg1 Ng7 27. Raf1 Rbf8 28. Bc1 g4 29.
hxg4 Kf7 30. g5 Rh8 31. f4 Nf3+ 0-1

[Event "Mondiale Lampo FIDE 2017"]
[Site "Riyadh"]
[Date "29.12.2017"]
[Round "4.59"]
[White "Dervishi, Erald"]
[Black "Saeed, Ishaq"]
[Result "1-0"]
[WhiteTitle "GM"]
[BlackTitle "FM"]
[WhiteElo "2552"]
[BlackElo "2434"]
[WhiteFideId "4700236"]
[BlackFideId "9301453"]
[EventDate "2017.12.29"]

1. e4 e5 2. Nf3 Nc6 3. Bb5 a6 4. Ba4 Nf6 5. O-O b5 6. Bb3 Bb7 7. Re1 Bc5 8. c3
d6 9. d4 Bb6 10. Be3 O-O 11. Nbd2 Rb8 12. h3 Re8 13. Qb1 h6 14. a4 Qd7 15. axb5
axb5 16. d5 Na5 17. Bxb6 cxb6 18. Bc2 Rbc8 19. Bd3 Nh5 20. Bf1 Nf4 21. Kh2 f5
22. exf5 Bxd5 23. g3 Nh5 24. Bg2 Nf6 25. g4 Qb7 26. Qd1 Rcd8 27. Qe2 Nc4 28.
Nxc4 bxc4 29. Rad1 b5 30. Rxd5 Qxd5 31. Nd4 e4 32. Ne6 Qe5+ 33. Kg1 Rxe6 34.
fxe6 d5 35. Qe3 Qxe6 36. Ra1 b4 37. Ra7 bxc3 38. bxc3 Qd6 39. g5 hxg5 40. Qxg5
Rd7 41. Ra8+ Kf7 42. Qe3 d4 43. cxd4 Qxd4 44. Qxd4 Rxd4 45. Rc8 g5 46. Bf1 Kg6
47. Bxc4 Kf5 48. Be2 Nd5 49. Bg4+ Ke5 50. Re8+ Kd6 51. Re6+ Kc7 52. Re5 Nf4 53.
Rxg5 Rd3 54. Rg7+ 1-0

[Event "Mondiale Lampo FIDE 2017"]
[Site "Riyadh"]
[Date "29.12.2017"]
[Round "4.60"]
[White "Alanazy, Mohammed"]
[Black "Sethuraman, S.P."]
[Result "0-1"]
[BlackTitle "GM"]
[WhiteElo "1850"]
[BlackElo "2646"]
[WhiteFideId "21508488"]
[BlackFideId "5021596"]
[EventDate "2017.12.29"]

1. e4 c5 2. f4 Nc6 3. Nf3 g6 4. d4 cxd4 5. Nxd4 Bg7 6. c3 d6 7. Be2 Nf6 8. Bf3
O-O 9. O-O Bd7 10. Kh1 Rc8 11. Be3 Qc7 12. Na3 a6 13. Nac2 e5 14. fxe5 dxe5 15.
Nxc6 Bxc6 16. Bg5 Nxe4 17. Bxe4 Bxe4 18. Qe2 f5 19. Bh4 h6 20. Ne3 g5 21. Bf2
Rcd8 22. Rfd1 Kh7 23. Nf1 Qc6 24. Be1 Bd5 25. Ng3 e4 26. b3 b5 27. Rac1 Be6 28.
Rxd8 Rxd8 29. Rd1 Re8 30. Nf1 f4 31. Nd2 Bf5 32. h3 Bg6 33. c4 b4 34. c5 Qxc5
35. Nc4 f3 36. gxf3 exf3 37. Qf2 Qf5 38. Kh2 Re2 0-1

[Event "Mondiale Lampo FIDE 2017"]
[Site "Riyadh"]
[Date "29.12.2017"]
[Round "4.61"]
[White "Kovalev, Vladislav"]
[Black "Kuzubov, Yuriy"]
[Result "1-0"]
[WhiteTitle "GM"]
[BlackTitle "GM"]
[WhiteElo "2639"]
[BlackElo "2699"]
[WhiteFideId "13504398"]
[BlackFideId "14112906"]
[EventDate "2017.12.29"]

1. e4 d6 2. d4 Nf6 3. Nc3 e5 4. Nf3 Nbd7 5. Bc4 Be7 6. O-O O-O 7. a4 c6 8. Re1
a5 9. h3 exd4 10. Nxd4 Ne5 11. Ba2 Re8 12. Be3 Bf8 13. f4 Ng6 14. Qd3 Qc7 15.
Rad1 b6 16. Qc4 Bb7 17. Nf5 Ba6 18. Nb5 Qd7 19. Qxf7+ Qxf7 20. Bxf7+ Kxf7 21.
Nbxd6+ Bxd6 22. Nxd6+ Kf8 23. Bxb6 Nxf4 24. Nxe8 Kxe8 25. b3 Bb7 26. c4 Nd7 27.
Be3 Ne6 28. e5 Bc8 29. Rd6 Nd8 30. e6 Nf6 31. Bb6 Nb7 32. Rxc6 Ng8 33. e7 Nf6
34. Rc7 Nd7 1-0

[Event "Mondiale Lampo FIDE 2017"]
[Site "Riyadh"]
[Date "29.12.2017"]
[Round "4.62"]
[White "Potkin, Vladimir"]
[Black "Ganguly, Surya Shekhar"]
[Result "0-1"]
[WhiteTitle "GM"]
[BlackTitle "GM"]
[WhiteElo "2574"]
[BlackElo "2650"]
[WhiteFideId "4131061"]
[BlackFideId "5002150"]
[EventDate "2017.12.29"]

1. Nf3 Nf6 2. c4 g6 3. Nc3 Bg7 4. e4 d6 5. d4 O-O 6. h3 Qe8 7. Be2 e5 8. d5 Na6
9. Be3 Nc5 10. Nd2 a5 11. g4 c6 12. Qc2 cxd5 13. exd5 Nfd7 14. O-O-O a4 15. a3
f5 16. f3 Nf6 17. Kb1 Bd7 18. Rhg1 Rc8 19. Rde1 Qf7 20. h4 b5 21. cxb5 e4 22. g5
Nh5 23. Nc4 Nb7 24. fxe4 f4 25. Bf2 f3 26. Bf1 Nf4 27. Qxa4 Bxc3 28. bxc3 Nc5
29. Qc2 Qe7 30. a4 Ra8 31. Bxc5 dxc5 32. Rg3 Nxd5 33. Rd1 Nf4 34. Nb6 Rad8 35.
Nxd7 Rxd7 36. Rxd7 Qxd7 37. Bc4+ Kg7 38. Rxf3 Qg4 39. Qd1 Qxh4 40. b6 Qxg5 41.
a5 Qe5 42. Kb2 Qxe4 43. Qf1 g5 44. Qf2 Rd8 45. Qe3 Qxc4 46. Qe7+ Kg6 47. Qxd8
Qe2+ 48. Kb3 Qxf3 49. Qd6+ Kh5 50. a6 Nd5 51. Qxc5 Qd1+ 52. Kc4 Nf4 53. Qd4 Qa4+
54. Kc5 Ne6+ 55. Kd5 Nxd4 56. cxd4 Qxa6 0-1

[Event "Mondiale Lampo FIDE 2017"]
[Site "Riyadh"]
[Date "29.12.2017"]
[Round "4.63"]
[White "Bosiocic, Marin"]
[Black "Dobrov, Vladimir"]
[Result "0-1"]
[WhiteTitle "GM"]
[BlackTitle "GM"]
[WhiteElo "2624"]
[BlackElo "2515"]
[WhiteFideId "14507927"]
[BlackFideId "4136594"]
[EventDate "2017.12.29"]

1. d4 Nf6 2. Bg5 e6 3. e4 h6 4. Bxf6 Qxf6 5. c3 d6 6. Bd3 Nc6 7. Ne2 g6 8. O-O
Bg7 9. f4 Qe7 10. e5 Bd7 11. Nd2 O-O-O 12. exd6 cxd6 13. b4 Kb8 14. a4 Rc8 15.
a5 Qd8 16. b5 Ne7 17. Qb3 g5 18. Qa3 Be8 19. Ne4 Nf5 20. N2g3 Nxg3 21. hxg3 Bf8
22. Qb3 d5 23. Nd2 Bd6 24. c4 gxf4 25. c5 Rxc5 26. dxc5 Bxc5+ 27. Kh1 fxg3 28.
Nf3 Rg8 29. Qa4 f5 30. Rac1 Rg4 31. Qxg4 fxg4 32. Rxc5 gxf3 33. Rfc1 f2 0-1

[Event "Mondiale Lampo FIDE 2017"]
[Site "Riyadh"]
[Date "29.12.2017"]
[Round "4.64"]
[White "Miswadah, Baha"]
[Black "Al Ghamdi, Ahmed M"]
[Result "0-1"]
[BlackTitle "CM"]
[WhiteElo "1877"]
[BlackElo "2159"]
[WhiteFideId "11502118"]
[BlackFideId "21500150"]
[EventDate "2017.12.29"]

1. e4 e5 2. Nf3 Nc6 3. d4 exd4 4. Nxd4 Nf6 5. Nxc6 bxc6 6. e5 Qe7 7. Qe2 Nd5 8.
c4 Ba6 9. b3 g6 10. Bb2 Bg7 11. g3 O-O 12. Bg2 d6 13. f4 dxe5 14. fxe5 Rae8 15.
O-O Nb6 16. Nd2 Nd7 17. Nf3 Bb7 18. Rae1 c5 19. e6 fxe6 20. Bxg7 Qxg7 21. Ng5
Bxg2 22. Kxg2 e5 23. Rxf8+ Nxf8 24. Ne4 Nd7 25. Rf1 Rf8 26. Rd1 Qe7 27. Rf1 Rxf1
28. Qxf1 Kg7 29. Qe2 Nf6 30. Ng5 Qd6 31. Ne4 Qc6 32. Kf3 Kf7 33. Qd3 Qxe4+ 34.
Qxe4 Nxe4 35. Kxe4 Ke6 36. h3 c6 37. g4 h6 38. h4 a5 39. g5 h5 40. a3 Kd6 41.
Kf3 Kd7 42. Ke3 Ke7 43. Ke4 Ke6 44. Ke3 Kf5 45. Kf3 e4+ 46. Ke3 Ke5 47. Ke2 Kf4
48. Kf2 e3+ 49. Ke2 Ke4 50. Ke1 Kd3 51. Kd1 e2+ 52. Ke1 Ke3 53. b4 cxb4 54. axb4
a4 55. b5 a3 56. bxc6 a2 57. c7 a1=Q# 0-1

[Event "Mondiale Lampo FIDE 2017"]
[Site "Riyadh"]
[Date "29.12.2017"]
[Round "4.65"]
[White "Lam, Daniel King-wai"]
[Black "Masrahi, Abdulrahman A"]
[Result "1-0"]
[WhiteTitle "FM"]
[BlackTitle "CM"]
[WhiteElo "2222"]
[BlackElo "1962"]
[WhiteFideId "6001238"]
[BlackFideId "21501564"]
[EventDate "2017.12.29"]

1. d4 d5 2. c4 c6 3. Nf3 Nf6 4. Nbd2 a6 5. e3 b5 6. b3 Bf5 7. Nh4 Bg4 8. f3 Bh5
9. g4 Bg6 10. Nxg6 hxg6 11. h4 Nbd7 12. g5 Nh5 13. Kf2 Qc7 14. f4 e6 15. Nf3 Be7
16. Bh3 bxc4 17. bxc4 O-O 18. Qd3 c5 19. cxd5 exd5 20. Bxd7 Qxd7 21. Ne5 Qe6 22.
Bb2 c4 23. Qe2 Rfc8 24. Bc3 a5 25. Rab1 Bb4 26. Bxb4 axb4 27. Rxb4 Ra3 28. Kg2
Nxf4+ 29. exf4 Rca8 30. Rb2 Rc3 31. Rc2 Raa3 32. Rxc3 Rxc3 33. Qd2 Ra3 34. Qb2
Qa6 35. Ra1 Re3 36. Qf2 Qa3 37. Re1 Rh3 38. Rh1 Rc3 39. Re1 Rh3 40. Re2 Rc3 41.
Nf3 Rd3 42. Ne5 Rxd4 43. Qxd4 1-0

[Event "Mondiale Lampo FIDE 2017"]
[Site "Riyadh"]
[Date "29.12.2017"]
[Round "4.66"]
[White "Al Abdali, Zeyad Saleh"]
[Black "Amer, Said Salim Al Maashani"]
[Result "0-1"]
[BlackTitle "FM"]
[WhiteElo "1801"]
[BlackElo "2103"]
[WhiteFideId "21501505"]
[BlackFideId "22000100"]
[EventDate "2017.12.29"]

1. d4 d6 2. Nf3 g6 3. c4 Bg7 4. Nc3 Nf6 5. Bg5 O-O 6. e3 c6 7. Be2 Nbd7 8. O-O
e5 9. dxe5 dxe5 10. Qc2 Qc7 11. Rfd1 h6 12. Bh4 Nc5 13. e4 Ne6 14. Bg3 Nf4 15.
Bf1 N6h5 16. Ne2 Be6 17. Rd2 Rad8 18. Rad1 Rxd2 19. Rxd2 Rd8 20. b3 f6 21. Bxf4
Nxf4 22. Qd1 Rxd2 23. Qxd2 Bf8 24. g3 Nh3+ 0-1

[Event "Mondiale Lampo FIDE 2017"]
[Site "Riyadh"]
[Date "29.12.2017"]
[Round "4.67"]
[White "Alem, Ali Hussien"]
[Black "Al Habeeb, Emad"]
[Result "0-1"]
[WhiteElo "1745"]
[BlackElo "1933"]
[WhiteFideId "21500088"]
[BlackFideId "21500029"]
[EventDate "2017.12.29"]

1. Nf3 d6 2. g3 Nf6 3. Bg2 e5 4. d3 g6 5. O-O Bg7 6. b3 O-O 7. Bb2 Nc6 8. e4 Bd7
9. Nbd2 Qc8 10. Re1 Bh3 11. d4 Bxg2 12. Kxg2 exd4 13. Nxd4 Qd7 14. N2f3 Ng4 15.
h3 Nge5 16. Rb1 Nxd4 17. Nxe5 Bxe5 18. Bxd4 Bxd4 19. Qxd4 Qc6 20. c4 Rfe8 21.
Kh2 Re5 22. f4 Rh5 23. g4 Rh6 24. g5 Rh5 25. Qf6 Re8 26. Re3 Rxe4 27. Qd8+ Kg7
28. Qf6+ Kf8 29. Qd8+ Re8 30. Rxe8+ Qxe8 31. Qxe8+ Kxe8 32. Re1+ Kd7 33. Kg3 h6
34. h4 hxg5 35. hxg5 Rh8 36. Kg4 Rh2 37. a4 Rb2 38. Re3 Rc2 39. f5 Rg2+ 40. Kf4
gxf5 41. Kxf5 Rf2+ 42. Kg4 Rf1 43. Kh5 Rf5 44. Kh6 Re5 45. Rf3 Ke6 46. Rf6+ Ke7
47. Kg7 Rxg5+ 0-1

[Event "Mondiale Lampo FIDE 2017"]
[Site "Riyadh"]
[Date "29.12.2017"]
[Round "4.68"]
[White "Farhan, Marwan Ali"]
[Black "Al Mahmood, Salman"]
[Result "0-1"]
[WhiteElo "1975"]
[BlackElo "1593"]
[WhiteFideId "9401652"]
[BlackFideId "11201517"]
[EventDate "2017.12.29"]

1. e4 c5 2. Nf3 d6 3. d4 cxd4 4. Nxd4 Nf6 5. Nc3 a6 6. Be3 e6 7. Be2 Be7 8. O-O
O-O 9. a3 b5 10. f3 Bb7 11. Nb3 Qc7 12. Qd2 Nc6 13. Rad1 Rfd8 14. Kh1 Ne5 15.
Nd4 Nc4 16. Bxc4 bxc4 17. f4 Nxe4 18. Nxe4 Bxe4 19. c3 e5 20. Nf3 Bd3 21. Rf2 e4
22. Nd4 Qd7 23. f5 Bf6 24. Rf4 Rf8 25. Qf2 g6 26. fxg6 fxg6 27. Rxf6 Rxf6 28.
Qxf6 Rf8 29. Qe6+ Qxe6 30. Nxe6 Rb8 31. Rd2 Kf7 32. h3 Kxe6 33. Kh2 Rf8 34. Kg3
Ke5 35. Kg4 Rf5 36. h4 h5+ 37. Kg3 Rf7 38. Kh3 Rf1 39. g4 Rf3+ 40. Kg2 Rxe3 41.
gxh5 gxh5 42. Kf2 Re2+ 43. Rxe2 Bxe2 44. Kxe2 Kf4 45. Kf2 Kg4 46. Ke3 Kxh4 47.
Kxe4 Kg3 48. Kd4 h4 49. Kd5 0-1